000 00471nam a2200169Ia 4500
003 GCL
008 140319s9999 xx 000 0 ara d
040 _aGCL /
_cGCL
082 0 4 _aد
_b050
100 1 _aعادل النادى
245 1 0 _aالفنون الدرامية ( اقرا 528 ) /
_cعادل النادى
300 _a222 ص
490 _aوثائق ونصوص
_v0
650 0 4 _aالمسرح
650 0 4 _aالمسرح - تاريخ ونقد
942 _2ddc
_cCF
999 _c27141
_d27141